| 000 | 00623nam a2200217Ia 4500 | ||
|---|---|---|---|
| 005 | 20260429111952.0 | ||
| 008 | 260429s9999||||xx |||||||||||||| ||und|| | ||
| 020 | _a9780521619547 | ||
| 041 | _aEnglish | ||
| 082 |
_a516.373 _bCHA |
||
| 100 | _aChavel, Isaac | ||
| 245 | 0 |
_aRiemannian geometry : _ba modern introduction / _cIsaac Chavel |
|
| 250 | _a2nd ed. | ||
| 260 |
_aCambridge : _bCambridge University Press, _c2006. |
||
| 300 | _axvi, 471 p.; pbk | ||
| 440 | _aCambridge studies in advanced mathematics; 98 | ||
| 650 | _a Geometry | ||
| 650 | _a Riemannian surfaces | ||
| 650 | _aMathematics | ||
| 942 | _cTB | ||
| 999 |
_c51672 _d51672 |
||